[Event "Politiken Cup"]
[Site "Helsingor DEN"]
[Date "2009.07.24"]
[Round "8"]
[White "Nielsen,LA"]
[Black "Svane,R"]
[Result "1-0"]
[WhiteElo "2233"]
[BlackElo "2080"]
[EventDate "2009.07.18"]

1. d4 d5 2. Nf3 Nf6 3. Bg5 Ne4 4. Bf4 c5 5. e3 Qb6 6. Qc1 Nc6 7. c3 Bg4 8.
Nbd2 Rc8 9. Qb1 e6 10. Bd3 Nxd2 11. Nxd2 Bh5 12. O-O Bg6 13. Bxg6 hxg6 14.
Nf3 Be7 15. Re1 O-O 16. Re2 Qa6 17. Qd1 b5 18. a3 Qb6 19. Rc2 c4 20. g4 Na5
21. h4 Nb3 22. Rb1 f6 23. g5 Bd6 24. Bxd6 Qxd6 25. Nh2 e5 26. gxf6 gxf6 27.
Qg4 Kf7 28. f4 exd4 29. exd4 Qe6 30. Qxe6+ Kxe6 31. Re1+ Kf7 32. Rce2 Rfe8
33. Rxe8 Rxe8 34. Rxe8 Kxe8 35. Ng4 Ke7 36. Ne3 Ke6 37. f5+ gxf5 38. h5 Nd2
39. h6 Nf3+ 40. Kf2 Ng5 41. Kg3 a6 42. Ng2 a5 43. Nf4+ Kd6 44. Kh4 Nh7 45.
Kh5 Nf8 46. Ng6 Nh7 47. Nh4 Nf8 48. Nxf5+ Ke6 49. Kg4 Ng6 50. h7 Nh8 51.
Ne3 Nf7 52. Kh5 f5 53. Kg6 f4 54. Nxd5 Nh8+ 55. Kg7 f3 56. Ne3 1-0

[Event "Politiken Cup"]
[Site "Helsingor DEN"]
[Date "2009.07.24"]
[Round "8"]
[White "Solberg,J"]
[Black "Andersen,Ru2"]
[Result "1/2-1/2"]
[WhiteElo "2222"]
[BlackElo "2026"]
[EventDate "2009.07.18"]

1. e4 e6 2. d4 d5 3. Nc3 Nf6 4. e5 Nfd7 5. Nce2 c5 6. c3 Nc6 7. f4 Qb6 8.
Nf3 Be7 9. g3 f6 10. Bh3 cxd4 11. cxd4 fxe5 12. fxe5 O-O 13. Bxe6+ Kh8 14.
Bxd5 Bb4+ 15. Nc3 Ndxe5 16. dxe5 Nxe5 17. Qe2 Bg4 18. Be3 Nxf3+ 19. Bxf3
Qf6 20. O-O Bxf3 21. Qc4 Bd6 22. Rf2 Rae8 23. Qd3 Qe6 24. Bd4 Bc6 25. Rxf8+
Rxf8 26. Rf1 Rd8 27. Qf5 Qxf5 28. Rxf5 a6 29. Be3 Kg8 30. Rf2 Re8 31. Bd4
b5 32. Re2 Rd8 33. Bb6 Rd7 34. a3 b4 35. axb4 Bxb4 36. Kf2 h6 37. Be3 Rf7+
38. Ke1 Bb5 39. Rf2 Rd7 40. Bd2 Re7+ 41. Kd1 Bc6 42. Kc2 a5 1/2-1/2

[Event "Politiken Cup"]
[Site "Helsingor DEN"]
[Date "2009.07.24"]
[Round "8"]
[White "Kvisla,J"]
[Black "Hobber,A"]
[Result "1/2-1/2"]
[WhiteElo "2222"]
[BlackElo "2042"]
[EventDate "2009.07.18"]

1. d4 d5 2. Nf3 Nf6 3. c4 c6 4. e3 e6 5. b3 Nbd7 6. Bb2 Bb4+ 7. Nbd2 Ne4 8.
a3 Bd6 9. Nxe4 dxe4 10. Nd2 f5 11. f4 exf3 12. Qxf3 O-O 13. c5 Bc7 14. Bc4
Kh8 15. O-O-O e5 16. g4 fxg4 17. Qxg4 Nxc5 18. Qg2 exd4 19. Bxd4 Qe7 20.
Rdf1 Be6 21. Rhg1 Rxf1+ 22. Bxf1 Rg8 23. b4 Nb3+ 24. Nxb3 Bxb3 25. Qb2 Bd5
26. h4 Bb6 27. h5 Bxd4 28. Qxd4 Qf6 29. Bd3 Qxd4 30. exd4 Re8 1/2-1/2

[Event "Politiken Cup"]
[Site "Helsingor DEN"]
[Date "2009.07.24"]
[Round "8"]
[White "Pedersen,NicK"]
[Black "Johansson,Th1"]
[Result "1/2-1/2"]
[WhiteElo "2014"]
[BlackElo "2208"]
[EventDate "2009.07.18"]

1. d4 f5 2. Nc3 Nf6 3. Bg5 d5 4. e3 e6 5. Nf3 c5 6. Be2 c4 7. Ne5 Bb4 8.
Bxf6 Qxf6 9. Qd2 Nd7 10. f4 Nxe5 11. dxe5 Qh4+ 12. g3 Qd8 13. a3 Bc5 14.
Bf3 Bd7 15. Ne2 Qb6 16. Kf2 O-O-O 17. Nd4 g5 18. b4 Bxd4 19. exd4 g4 20.
Be2 Ba4 21. c3 h5 22. h4 1/2-1/2

[Event "Politiken Cup"]
[Site "Helsingor DEN"]
[Date "2009.07.24"]
[Round "8"]
[White "Munk,Po"]
[Black "Akdag,D"]
[Result "0-1"]
[WhiteElo "1996"]
[BlackElo "2198"]
[EventDate "2009.07.18"]

1. d4 Nf6 2. Nf3 d5 3. e3 Bg4 4. Nbd2 e6 5. c3 Nbd7 6. Be2 Bd6 7. O-O c6 8.
Qc2 Qc7 9. h3 h5 10. Re1 O-O-O 11. c4 Bxf3 12. Nxf3 Ne4 13. c5 Be7 14. Qa4
g5 15. Nd2 g4 16. hxg4 hxg4 17. Bxg4 Nxf2 18. Kxf2 Bh4+ 19. Ke2 Qg3 20. Bf3
Qxe1+ 21. Kd3 e5 22. Bg4 e4+ 23. Kc2 Qxe3 24. Qxa7 Qd3+ 25. Kd1 Bg3 0-1

[Event "Politiken Cup"]
[Site "Helsingor DEN"]
[Date "2009.07.24"]
[Round "8"]
[White "Madland,K"]
[Black "Rolvag,M"]
[Result "1/2-1/2"]
[WhiteElo "2017"]
[BlackElo "2196"]
[EventDate "2009.07.18"]

1. e4 c5 2. Nf3 Nc6 3. d4 cxd4 4. Nxd4 g6 5. Nc3 Bg7 6. Be3 Nf6 7. Bc4 O-O
8. Bb3 a5 9. f3 d5 10. exd5 Nb4 11. O-O Nfxd5 12. Nxd5 Nxd5 13. Bxd5 Qxd5
14. c3 a4 15. Qe2 e5 16. Nb5 Qc6 1/2-1/2

[Event "Politiken Cup"]
[Site "Helsingor DEN"]
[Date "2009.07.24"]
[Round "8"]
[White "Omarsson,D"]
[Black "Nguyen,Mi"]
[Result "1/2-1/2"]
[WhiteElo "2091"]
[BlackElo "2196"]
[EventDate "2009.07.18"]

1. e4 c5 2. Nf3 Nc6 3. d4 cxd4 4. Nxd4 Nf6 5. Nc3 e5 6. Ndb5 d6 7. Bg5 a6
8. Na3 b5 9. Nd5 Be7 10. Bxf6 Bxf6 11. c3 O-O 12. Nc2 Bg5 13. a4 bxa4 14.
Rxa4 a5 15. Bc4 Bd7 16. Nce3 Ne7 17. Ra2 a4 18. O-O g6 19. Qd3 Rb8 20. Rd1
Nxd5 21. Nxd5 Kh8 22. Nb4 Rb6 23. Nd5 Rb8 24. Nb4 Rb6 25. Nd5 Rb7 26. Nb4
Rb6 1/2-1/2

[Event "Politiken Cup"]
[Site "Helsingor DEN"]
[Date "2009.07.24"]
[Round "8"]
[White "Rossen,C"]
[Black "Guttulsrud,O"]
[Result "1/2-1/2"]
[WhiteElo "2188"]
[BlackElo "2030"]
[EventDate "2009.07.18"]

1. d4 f5 2. e4 fxe4 3. Nc3 Nf6 4. Bg5 b6 5. Nh3 Bb7 6. Nf4 e6 7. Bc4 Bb4 8.
Nh5 Qe7 9. O-O Qf7 10. Bxf6 gxf6 11. d5 Bxc3 12. dxe6 dxe6 13. Bxe6 Qe7 14.
bxc3 Na6 15. Nf4 h5 16. Nxh5 Nc5 17. Bc4 Qe5 18. Ng3 Qxc3 19. Bb3 Qe5 20.
Qg4 Qg5 21. Qxg5 fxg5 22. Rad1 Rd8 23. Rxd8+ Kxd8 24. Rd1+ Ke7 25. Nf5+ Kf6
26. Ne3 Ke5 27. g3 b5 28. Bd5 c6 29. Ng4+ Kf5 30. Ne3+ Ke5 31. Bb3 Bc8 32.
Bd5 Bb7 33. Ng4+ Kf5 34. Ne3+ Ke5 1/2-1/2

[Event "Politiken Cup"]
[Site "Helsingor DEN"]
[Date "2009.07.24"]
[Round "8"]
[White "Sinkbaek,A"]
[Black "Sorensen,D"]
[Result "1/2-1/2"]
[WhiteElo "2186"]
[BlackElo "2005"]
[EventDate "2009.07.18"]

1. Nf3 f5 2. g3 Nf6 3. Bg2 e6 4. O-O Be7 5. d3 O-O 6. Nbd2 d6 7. e4 Nc6 8.
exf5 exf5 9. c3 Kh8 10. d4 Be6 11. Re1 Bg8 12. Ng5 Qd7 13. Nh3 Rae8 14. Nf3
Bd8 15. Bg5 Rxe1+ 16. Nxe1 Ne4 17. Bxd8 Nxd8 18. Nd3 c6 19. f3 Nf6 20. Qd2
Re8 21. b3 c5 22. Ndf4 Qe7 23. Rd1 1/2-1/2

[Event "Politiken Cup"]
[Site "Helsingor DEN"]
[Date "2009.07.24"]
[Round "8"]
[White "Engelbert,C"]
[Black "Boje,T"]
[Result "1/2-1/2"]
[WhiteElo "2185"]
[BlackElo "2008"]
[EventDate "2009.07.18"]

1. g3 d5 2. Bg2 Nf6 3. d3 c6 4. Nf3 Bg4 5. O-O Nbd7 6. c4 e6 7. cxd5 exd5
8. h3 Bxf3 9. Bxf3 Bd6 10. Nc3 O-O 11. e4 dxe4 12. dxe4 Qc7 13. Bg2 Rad8
14. Qc2 Ne5 15. Kh2 Bc5 16. Bg5 Be7 17. f4 Nc4 18. Qe2 Nb6 19. Rac1 Rfe8
20. Rfd1 Rxd1 21. Rxd1 Rd8 22. Rd3 h6 23. Bh4 Kf8 24. e5 Nfd5 25. Bxe7+
Qxe7 26. Qd1 Qb4 27. b3 Qa3 28. Qe2 Rd7 29. Ne4 Qb4 30. Qf2 Qe7 31. Nd6 Kg8
32. Bxd5 Nxd5 33. Qxa7 Rxd6 34. exd6 Qe2+ 35. Kh1 Qf1+ 36. Kh2 Qe2+ 37. Kh1
Qf1+ 38. Kh2 Qe2+ 1/2-1/2

[Event "Politiken Cup"]
[Site "Helsingor DEN"]
[Date "2009.07.24"]
[Round "8"]
[White "Hvenekilde,J"]
[Black "Hansen,Ras"]
[Result "1-0"]
[WhiteElo "2179"]
[BlackElo "2001"]
[EventDate "2009.07.18"]

1. d4 Nf6 2. c4 g6 3. Nc3 Bg7 4. e4 d6 5. Be2 O-O 6. g4 Nc6 7. d5 Nb4 8. g5
Nd7 9. h4 f5 10. gxf6 Bxf6 11. Bh6 Bd4 12. Bxf8 Qxf8 13. Nf3 Bg7 14. h5 Ne5
15. Nxe5 Bxe5 16. hxg6 hxg6 17. a3 Na6 18. Qd2 Bf4 19. Qd4 Be5 20. Qe3 Bf4
21. Qf3 Qf6 22. Rd1 Bd7 23. Qg2 Kg7 24. Bg4 Qg5 25. Rg1 Be8 26. Be6 Qe5 27.
Ne2 Bh6 28. Bf5 Qf6 29. f4 Kh7 30. Rd3 Bf7 31. Be6 Bxe6 32. dxe6 Nc5 33.
Rh3 Rg8 34. Rgh1 Kg7 35. Rxh6 Nd3+ 36. Kf1 Nxf4 37. Nxf4 Qxf4+ 38. Ke2 1-0

[Event "Politiken Cup"]
[Site "Helsingor DEN"]
[Date "2009.07.24"]
[Round "8"]
[White "Struch,T"]
[Black "Berg,Su"]
[Result "1-0"]
[WhiteElo "2154"]
[BlackElo "2020"]
[EventDate "2009.07.18"]

1. e4 e5 2. Nf3 Nc6 3. Bb5 a6 4. Bxc6 dxc6 5. O-O f6 6. d4 exd4 7. Nxd4 c5
8. Ne2 Qxd1 9. Rxd1 Bd7 10. Nbc3 O-O-O 11. Bf4 Ne7 12. Rd2 Ng6 13. Bg3 Ne5
14. b3 c4 15. Nd5 Bc5 16. b4 Bd6 17. Rad1 Be6 18. a3 Rhe8 19. Nec3 Bf7 20.
f3 Bf8 21. Bf2 Nd7 22. Na4 Bd6 23. Bg3 Ne5 24. Nac3 Bf8 25. Bf2 Nd7 26. g4
Bd6 27. Kg2 g5 28. Bg3 Bxg3 29. Kxg3 h5 30. h3 h4+ 31. Kf2 c6 32. Ne3 Ne5
33. Nf5 Rxd2+ 34. Rxd2 Rd8 35. Rxd8+ Kxd8 36. Na4 Kc7 37. Nc3 Kd7 38. Ke3
Ng6 39. Ne2 Be6 40. Ng7 Bf7 41. Kd4 c3 42. Kxc3 b5 43. Kd4 Bc4 44. Ng1 Bf1
45. Nh5 Ke7 46. Kc5 Ne5 47. f4 Nc4 48. Ng7 Nxa3 49. Nf5+ Kf7 50. Ne3 Bc4
51. fxg5 fxg5 52. Kxc6 Be6 53. Nf3 Kf6 54. Kd6 Ba2 55. e5+ Kf7 56. Nxg5+
Ke8 57. e6 1-0

[Event "Politiken Cup"]
[Site "Helsingor DEN"]
[Date "2009.07.24"]
[Round "8"]
[White "Svendsen,Pet"]
[Black "Petersen,Stee1"]
[Result "1/2-1/2"]
[WhiteElo "1993"]
[BlackElo "2152"]
[EventDate "2009.07.18"]

1. d4 d5 2. c4 Bf5 3. Nc3 e6 4. Nf3 c6 5. Bf4 Nf6 6. e3 Qb6 7. Qb3 dxc4 8.
Bxc4 Nbd7 9. O-O Be7 10. h3 O-O 11. Rfe1 Qxb3 12. Bxb3 Ne4 13. Nxe4 Bxe4
14. Ng5 Bd5 15. Bc2 h6 16. Ne4 c5 17. Nc3 Bc6 18. Rad1 Nb6 19. dxc5 Bxc5
20. Bb3 Bb4 21. Bd6 Bxc3 22. bxc3 Rfc8 23. c4 Ba4 24. Rd4 Bxb3 25. axb3 a5
26. e4 a4 27. c5 Nd7 28. Rxa4 Rxa4 29. bxa4 Rc6 30. a5 Nxc5 31. Bxc5
1/2-1/2

[Event "Politiken Cup"]
[Site "Helsingor DEN"]
[Date "2009.07.24"]
[Round "8"]
[White "Schou Moldt,T"]
[Black "Svanholm,B"]
[Result "1-0"]
[WhiteElo "2142"]
[BlackElo "2001"]
[EventDate "2009.07.18"]

1. e4 c5 2. c3 Nf6 3. e5 Nd5 4. Nf3 d6 5. Bb5+ Bd7 6. Bc4 e6 7. d4 Nb6 8.
Bb3 cxd4 9. O-O Nc6 10. cxd4 Be7 11. Qd3 dxe5 12. dxe5 Qc7 13. Qe4 O-O 14.
Nc3 Nb4 15. Qg4 Kh8 16. Bg5 Bc6 17. Ne4 Bxe4 18. Qxe4 g6 19. Rac1 Qd7 20.
Bh6 Rfc8 21. Ng5 Bxg5 22. Bxg5 N4d5 23. Rcd1 Qe8 24. Rd3 Kg7 25. Rh3 h5 26.
g4 Qb5 27. Qf3 Rh8 28. gxh5 Rxh5 29. Rxh5 gxh5 30. Qxh5 Rh8 31. Bf6+ Nxf6
32. exf6+ Kg8 33. Qxb5 1-0

[Event "Politiken Cup"]
[Site "Helsingor DEN"]
[Date "2009.07.24"]
[Round "8"]
[White "Ramme,C"]
[Black "Kragh,N"]
[Result "0-1"]
[WhiteElo "2048"]
[BlackElo "2140"]
[EventDate "2009.07.18"]

1. c4 f5 2. Nc3 Nf6 3. g3 e5 4. Bg2 Nc6 5. e3 d6 6. d3 g6 7. Nge2 Bg7 8.
Rb1 a5 9. a3 O-O 10. O-O Be6 11. Nd5 Qd7 12. b4 axb4 13. axb4 g5 14. f4
gxf4 15. exf4 Bxd5 16. cxd5 Ne7 17. Qb3 Kh8 18. Bb2 Ng6 19. Bh3 Ng4 20.
Bxg4 fxg4 21. Qc4 exf4 22. Nxf4 Bxb2 23. Rxb2 Ne5 24. Qc3 Kg8 25. Rc2 Qb5
26. Qxc7 Qxb4 27. Qe7 Qd4+ 28. Kg2 Nxd3 29. Qe6+ Kh8 30. Nxd3 Rxf1 31. Kxf1
Qxd3+ 32. Qe2 Qxd5 33. Qd2 Qh1+ 34. Ke2 Qf3+ 35. Ke1 Re8+ 0-1

[Event "Politiken Cup"]
[Site "Helsingor DEN"]
[Date "2009.07.24"]
[Round "8"]
[White "Jensen,Mi"]
[Black "Andersson,C"]
[Result "0-1"]
[WhiteElo "2044"]
[BlackElo "2136"]
[EventDate "2009.07.18"]

1. e4 e6 2. d4 d5 3. Nc3 Nf6 4. e5 Nfd7 5. f4 c5 6. Nf3 cxd4 7. Nxd4 Nc6 8.
Be3 Nxd4 9. Bxd4 Bc5 10. Qd2 Bxd4 11. Qxd4 f6 12. exf6 Qxf6 13. O-O-O O-O
14. g3 Nb6 15. a4 Bd7 16. a5 Nc8 17. Bg2 Ne7 18. Qxf6 gxf6 19. Rhe1 Rac8
20. Kb1 Rc5 21. Rd2 Rxa5 22. b4 Ra6 23. Ne4 Bc8 24. Nc5 Rb6 25. c3 a5 26.
Na4 Rc6 27. b5 Rc7 28. Kb2 Kf7 29. Nb6 Rc5 30. Bf1 Rd8 31. g4 Rg8 32. Na4
Rc7 33. b6 Rc6 34. Bb5 Rd6 35. h3 Nc6 36. Red1 Rgd8 37. Bxc6 Rxc6 38. f5
Rc4 39. fxe6+ Bxe6 40. Rd4 Rdc8 41. Kc2 R4c6 42. R1d3 h5 43. Rf3 hxg4 44.
hxg4 Rc4 45. Rff4 Rxd4 46. Rxd4 Rc4 47. Kd3 Rc8 48. Nb2 Rc6 49. Na4 Ke7 50.
Rf4 Bd7 51. Rd4 Kd6 52. Kd2 Ke5 53. Kd3 Rc4 54. Nb2 Rxd4+ 55. cxd4+ Kd6 56.
Ke3 Bxg4 57. Na4 Kc6 58. Kf4 Bc8 59. Nc3 Bd7 60. Ke3 Be6 61. Na4 Kb5 62.
Nc5 Bc8 0-1

[Event "Politiken Cup"]
[Site "Helsingor DEN"]
[Date "2009.07.24"]
[Round "8"]
[White "Algra,J"]
[Black "Vaarala,E"]
[Result "1-0"]
[WhiteElo "2123"]
[BlackElo "1964"]
[EventDate "2009.07.18"]

1. d4 c5 2. d5 Nf6 3. c4 e5 4. Nc3 d6 5. e4 Be7 6. f4 Nbd7 7. Nf3 exf4 8.
Bxf4 Nh5 9. Be3 Ndf6 10. Be2 Ng4 11. Qd2 Bh4+ 12. g3 Bf6 13. e5 dxe5 14.
Bxc5 Bf5 15. Nb5 e4 16. Nfd4 e3 17. Qb4 a5 18. Qa4 Bxd4 19. Nc7+ 1-0

[Event "Politiken Cup"]
[Site "Helsingor DEN"]
[Date "2009.07.24"]
[Round "8"]
[White "Hansen,ReR"]
[Black "Brondum,E"]
[Result "0-1"]
[WhiteElo "1991"]
[BlackElo "2122"]
[EventDate "2009.07.18"]

1. Nf3 d6 2. d4 g6 3. c4 Bg7 4. g3 Nf6 5. Nc3 O-O 6. Bg2 Nbd7 7. O-O e5 8.
e4 exd4 9. Nxd4 Re8 10. Re1 a6 11. h3 Rb8 12. Be3 c5 13. Nc2 b5 14. cxb5
axb5 15. f3 b4 16. Ne2 Ne5 17. Qc1 Nd3 18. Qb1 Nxe1 19. Qxe1 Qe7 20. Rd1
Be6 21. b3 Ra8 22. Nc1 d5 23. e5 Nd7 24. f4 d4 25. Bxa8 Rxa8 26. Bf2 Bxh3
27. Qe4 Qe8 28. Nxd4 cxd4 29. Rxd4 Bf5 30. Qf3 h5 31. Rxb4 Rc8 32. Ne2 Bf8
33. Rc4 Rxc4 34. bxc4 Qc8 35. Nd4 Nc5 36. e6 Bxe6 37. Nxe6 Qxe6 0-1

[Event "Politiken Cup"]
[Site "Helsingor DEN"]
[Date "2009.07.24"]
[Round "8"]
[White "Pedersen,Pet2"]
[Black "Johansen,St"]
[Result "1-0"]
[WhiteElo "2119"]
[BlackElo "1874"]
[EventDate "2009.07.18"]

1. c4 Nf6 2. g3 g6 3. Bg2 Bg7 4. Nc3 O-O 5. e4 d6 6. Nge2 e5 7. O-O Nh5 8.
d4 c6 9. Be3 Qc7 10. Qd2 Be6 11. d5 cxd5 12. cxd5 Bd7 13. Rfc1 Qd8 14. a4
Qe8 15. Nb5 Bxb5 16. axb5 Qxb5 17. Nc3 Qd7 18. Bf1 Na6 19. Bxa6 bxa6 20.
Rxa6 f5 21. exf5 gxf5 22. Qe2 Qf7 23. Rxd6 f4 24. Bc5 f3 25. Qe4 Rfc8 26.
Rc6 Rxc6 27. dxc6 Rc8 28. Qd5 a6 29. Bb6 Bh6 30. Rd1 Nf6 31. Qxf7+ Kxf7 32.
c7 Ng8 33. Rd8 Ne7 34. Nd5 Nxd5 35. Rxd5 Bg5 36. h4 Bf6 37. Rd8 Bxd8 38.
cxd8=Q Rxd8 39. Bxd8 Ke6 40. Kf1 1-0

[Event "Politiken Cup"]
[Site "Helsingor DEN"]
[Date "2009.07.24"]
[Round "8"]
[White "Pallesen,Ja"]
[Black "Karlsson,J"]
[Result "0-1"]
[WhiteElo "2042"]
[BlackElo "2118"]
[EventDate "2009.07.18"]

1. d4 g6 2. Nf3 Bg7 3. c4 d6 4. Nc3 Nf6 5. e4 O-O 6. Be2 e5 7. d5 Nbd7 8.
Bg5 h6 9. Bh4 a5 10. O-O g5 11. Bg3 Nh5 12. Nd2 Nf4 13. a3 Nf6 14. f3 h5
15. b4 h4 16. Bf2 N6h5 17. c5 f5 18. cxd6 cxd6 19. Nc4 axb4 20. Nb5 Ra6 21.
Re1 g4 22. fxg4 Nxe2+ 23. Rxe2 fxg4 24. Be3 g3 25. h3 Nf4 26. Rea2 Qd7 27.
Na7 Rxa7 28. Bxa7 b5 29. axb4 bxc4 30. Qa4 Qf7 31. Qa3 Qg6 32. Re1 Bh6 33.
b5 Nxh3+ 34. gxh3 Bxh3 35. Rae2 Bg4 36. b6 Rf7 37. Rb2 Qf6 38. Qa6 h3 39.
b7 h2+ 40. Rxh2 gxh2+ 41. Kxh2 Qh4+ 42. Kg2 Qh3+ 43. Kg1 Qg3+ 44. Kh1 Bf3+
0-1

[Event "Politiken Cup"]
[Site "Helsingor DEN"]
[Date "2009.07.24"]
[Round "8"]
[White "Porte,H"]
[Black "Borup,M"]
[Result "1-0"]
[WhiteElo "2115"]
[BlackElo "1992"]
[EventDate "2009.07.18"]

1. d4 Nf6 2. c4 e6 3. Nc3 Bb4 4. Qc2 c5 5. dxc5 O-O 6. g3 Bxc5 7. Nf3 b6 8.
Bf4 Be7 9. e4 d6 10. Rd1 a6 11. e5 Nh5 12. exd6 Bf6 13. Be3 Bb7 14. Ne4
Bxb2 15. Neg5 f5 16. Qxb2 1-0

[Event "Politiken Cup"]
[Site "Helsingor DEN"]
[Date "2009.07.24"]
[Round "8"]
[White "Krumm,J"]
[Black "Nielsen,JanM"]
[Result "0-1"]
[WhiteElo "2022"]
[BlackElo "2115"]
[EventDate "2009.07.18"]

1. e4 e5 2. Nf3 Nc6 3. d4 exd4 4. Nxd4 Nf6 5. Nxc6 bxc6 6. e5 Qe7 7. Qe2
Nd5 8. c4 Nb6 9. b3 a5 10. Ba3 Qh4 11. Qe3 Bxa3 12. Nxa3 O-O 13. Bd3 Re8
14. O-O Qe7 15. Nc2 a4 16. Rae1 d5 17. Nd4 Qc5 18. b4 Qxb4 19. Nxc6 Qf8 20.
cxd5 g6 21. d6 Be6 22. dxc7 Nd5 23. Qd4 Nxc7 24. Rc1 Bxa2 25. Qd6 Nd5 26.
Bc4 Bxc4 27. Rxc4 Ne7 28. f4 Nxc6 29. Rxc6 Rec8 30. Qxf8+ Kxf8 31. Rxc8+
Rxc8 32. Ra1 Rc4 33. g3 Ke7 34. Kf2 Ke6 35. Ke3 h5 36. Kd3 Rb4 37. Kc3 Re4
38. Kd3 Kf5 39. h3 Rb4 40. Ke3 Rb3+ 41. Kf2 a3 42. Rc1 a2 43. Ra1 Ra3 44.
Kg2 h4 0-1

[Event "Politiken Cup"]
[Site "Helsingor DEN"]
[Date "2009.07.24"]
[Round "8"]
[White "Andersen,L2 DEN"]
[Black "Jensen,I"]
[Result "1-0"]
[WhiteElo "2113"]
[BlackElo "1986"]
[EventDate "2009.07.18"]

1. Nf3 d5 2. d4 Nc6 3. g3 Bg4 4. Bg2 e6 5. O-O Nf6 6. c4 Be7 7. Nc3 O-O 8.
c5 h6 9. Bf4 a6 10. Rc1 Re8 11. Ne5 Nxe5 12. Bxe5 Nd7 13. Bf4 Bg5 14. Qd2
c6 15. Bxg5 Qxg5 16. Qxg5 hxg5 17. f4 gxf4 18. Rxf4 Bh5 19. e4 dxe4 20.
Nxe4 e5 21. Rh4 Bg6 22. Nd6 Re6 23. d5 cxd5 24. Bxd5 Nxc5 25. Bxe6 Nxe6 26.
Nxb7 Rb8 27. Nc5 Nd4 28. Nxa6 Ra8 29. Kf2 f5 30. Nb4 e4 31. Nc6 Nf3 32.
Ne7+ Kf7 33. Nxg6 Kxg6 34. Rc6+ Kg5 35. Rh7 Ra7 36. a3 Rd7 37. h4+ Kg4 38.
Rg6+ Kh3 39. Rhxg7 Rd2+ 40. Ke3 Rxb2 41. h5 Ne5 42. Ra6 Rb3+ 43. Kf4 e3 44.
Re7 Nd3+ 45. Kxf5 Rb5+ 46. Kf6 Ne5 47. Rae6 Ng4+ 48. Kg6 Kxg3 49. h6 Kh4
50. h7 Rg5+ 51. Kf7 Rh5 52. Kg8 Rg5+ 53. Rg7 Ra5 54. h8=Q 1-0

[Event "Politiken Cup"]
[Site "Helsingor DEN"]
[Date "2009.07.24"]
[Round "8"]
[White "Brorsen,J"]
[Black "Krueger,N"]
[Result "1-0"]
[WhiteElo "1911"]
[BlackElo "2106"]
[EventDate "2009.07.18"]

1. d4 d5 2. c4 e6 3. Nc3 Nf6 4. cxd5 exd5 5. Qc2 Be7 6. Bg5 O-O 7. e3 Nbd7
8. Bd3 Re8 9. Nge2 c6 10. O-O Nf8 11. f3 Ng6 12. e4 dxe4 13. fxe4 Ng4 14.
Bd2 Bg5 15. Rf3 Be6 16. Raf1 Nh6 17. Rg3 Bh4 18. Bxh6 Bxg3 19. hxg3 gxh6
20. e5 Bd5 21. Rf5 Kh8 22. Qd2 Rg8 23. Qxh6 Qf8 24. Qe3 Re8 25. Qf2 Rg7 26.
g4 Be6 27. Rh5 Ne7 28. Nf4 Qg8 29. Nxe6 fxe6 30. Qf6 Qf7 31. Bxh7 Qxf6 32.
exf6 1-0

[Event "Politiken Cup"]
[Site "Helsingor DEN"]
[Date "2009.07.24"]
[Round "8"]
[White "Peschardt,S"]
[Black "Christensen,Ca"]
[Result "1/2-1/2"]
[WhiteElo "2102"]
[BlackElo "1808"]
[EventDate "2009.07.18"]

1. d4 d6 2. g3 g6 3. Bg2 Bg7 4. c4 Nf6 5. Nc3 Nbd7 6. e3 O-O 7. Nge2 c6 8.
b3 Rb8 9. O-O Qc7 10. Bb2 e5 11. Rc1 Ne8 12. Qd2 f5 13. f4 e4 14. Na4 Nef6
15. h3 a6 16. Rfd1 b5 17. cxb5 axb5 18. Nac3 Qa5 19. Nxe4 Qxd2 20. Nxf6+
Bxf6 21. Rxd2 c5 22. Bc6 cxd4 23. Nxd4 b4 24. Bd5+ Kh8 25. Rc7 Nc5 26. Nf3
Bb7 27. Bxb7 Nxb7 28. Ng5 Bxb2 29. Rxb2 h5 30. Rd2 Kg8 31. Rd4 Rfc8 32.
Rxc8+ Rxc8 33. Rxb4 Rc1+ 34. Kf2 Nc5 35. Rd4 Rc2+ 36. Kf3 Rxa2 37. Rxd6
Nxb3 38. Rxg6+ Kh8 39. e4 Nd2+ 40. Ke3 Nf1+ 41. Kd4 Ra4+ 42. Kc5 fxe4 43.
Kb5 Rd4 44. Ne6 Rd2 45. f5 Rd5+ 46. Kb4 Rxf5 1/2-1/2

[Event "Politiken Cup"]
[Site "Helsingor DEN"]
[Date "2009.07.24"]
[Round "8"]
[White "Bruun,H"]
[Black "Kristinsson,Bj"]
[Result "0-1"]
[WhiteElo "2093"]
[BlackElo "1985"]
[EventDate "2009.07.18"]

1. e4 c5 2. Nf3 d6 3. d4 cxd4 4. Nxd4 Nf6 5. Nc3 a6 6. Be3 e6 7. f3 b5 8.
Bd3 Nbd7 9. Qd2 Nb6 10. g4 Nfd7 11. O-O-O Nc5 12. Kb1 Bb7 13. h4 Rc8 14.
Qf2 b4 15. Nce2 d5 16. e5 Nba4 17. f4 Nxd3 18. cxd3 Bc5 19. f5 O-O 20. f6
Qb6 21. Qf4 Rfd8 22. Qg5 g6 23. h5 Nc3+ 24. Nxc3 bxc3 25. b3 Bxd4 26. Rde1
c2+ 27. Kc1 Bxe3+ 28. Rxe3 Qd4 29. Kd2 c1=Q+ 30. Rxc1 Qb2+ 31. Kd1 Rxc1+
0-1

[Event "Politiken Cup"]
[Site "Helsingor DEN"]
[Date "2009.07.24"]
[Round "8"]
[White "Dalberg,P"]
[Black "Christensen,R"]
[Result "1-0"]
[WhiteElo "2088"]
[BlackElo "1974"]
[EventDate "2009.07.18"]

1. c4 Nf6 2. Nc3 g6 3. e4 d6 4. d4 Bg7 5. Nge2 O-O 6. Ng3 c5 7. d5 e5 8. h4
h5 9. Bg5 a6 10. a4 Bg4 11. f3 Bc8 12. Bd3 Qc7 13. Qd2 Kh7 14. O-O Ng8 15.
f4 f6 16. f5 fxg5 17. fxg6+ Kh8 18. Qxg5 Bg4 19. Nxh5 Bxh5 20. Qxh5+ Nh6
21. g4 Qd7 22. Rf5 Rxf5 23. exf5 e4 24. Nxe4 Qe7 25. f6 Qe5 26. fxg7+ Kxg7
27. g5 Qd4+ 28. Kh1 1-0

[Event "Politiken Cup"]
[Site "Helsingor DEN"]
[Date "2009.07.24"]
[Round "8"]
[White "Nielsen,KaiG"]
[Black "Jonsson,L"]
[Result "0-1"]
[WhiteElo "1899"]
[BlackElo "2082"]
[EventDate "2009.07.18"]

1. e4 c5 2. Nf3 g6 3. Bc4 Bg7 4. c3 d6 5. O-O Nf6 6. Re1 O-O 7. d4 cxd4 8.
cxd4 Bg4 9. h3 Bxf3 10. Qxf3 Nc6 11. Be3 Nd7 12. Rd1 Qb6 13. e5 dxe5 14. d5
Nd4 15. Bxd4 exd4 16. Qb3 Rad8 17. Nd2 a6 18. Nf3 Qa7 19. Qd3 b5 20. Bb3
Nc5 21. Qc2 Nxb3 22. Qxb3 Qc5 23. Rac1 Qxd5 24. Qxd5 Rxd5 25. b4 Rd6 26.
Rc5 Re8 27. Nd2 e5 28. Ne4 Rb6 29. Kf1 f5 30. Ng3 Rd6 31. Rdc1 Red8 32. Rc8
d3 33. Rxd8+ Rxd8 34. Rd1 e4 35. Kg1 Bc3 36. a3 Bb2 37. Nf1 Bxa3 38. Ra1
Bxb4 39. Rxa6 d2 40. Ne3 d1=Q+ 41. Nxd1 Rxd1+ 42. Kh2 Bc5 43. Kg3 g5 44.
Kh2 Bxf2 45. g4 f4 46. h4 gxh4 47. g5 Rd3 48. g6 h5 49. g7 b4 50. Kg2 Rd2
51. Kh3 Rd3+ 52. Kg2 Bd4 53. Ra8+ Kxg7 54. Re8 f3+ 55. Kh2 Rd2+ 56. Kh3 f2
57. Kg2 h3+ 58. Kg3 f1=Q 59. Re7+ Kf8 60. Rxe4 Qf2+ 61. Kxh3 Qh2+ 0-1

[Event "Politiken Cup"]
[Site "Helsingor DEN"]
[Date "2009.07.24"]
[Round "8"]
[White "Nielsen,Pa"]
[Black "Stray,G"]
[Result "0-1"]
[WhiteElo "1877"]
[BlackElo "2076"]
[EventDate "2009.07.18"]

1. d4 f5 2. Nf3 Nf6 3. g3 e6 4. Bg2 d5 5. O-O Bd6 6. Ne5 O-O 7. Nd2 Nbd7 8.
Ndf3 c6 9. c3 Ne4 10. Nxd7 Bxd7 11. Ne5 Be8 12. f3 Nf6 13. Qc2 Qb6 14. Kh1
c5 15. e3 Rc8 16. Qf2 Bb5 17. Re1 Bxe5 18. dxe5 Nd7 19. f4 Bd3 20. b3 c4
21. b4 a5 22. a3 axb4 23. axb4 Ra8 24. Qb2 Ra6 25. Rxa6 Qxa6 26. Bf1 Be4+
27. Bg2 Bd3 28. Bf1 Be4+ 29. Bg2 Bxg2+ 30. Kxg2 Ra8 31. Kf3 Kf7 32. h3 Qa2
33. Re2 Qxb2 34. Rxb2 Ra1 35. Rc2 Nb6 36. g4 g6 37. g5 Kg7 38. h4 h5 39.
Ke2 Kf7 40. Bd2 Ke7 41. Rc1 Ra2 42. Kd1 Kd7 43. Rc2 Ra1+ 44. Rc1 Rxc1+ 45.
Kxc1 Kc6 46. Kb1 d4 47. exd4 Kd5 48. Kc2 Ke4 49. Bc1 Nd5 50. Bd2 Kf3 51.
Kd1 Kg4 52. Ke2 Kxh4 53. Kf3 Kh3 54. Be1 h4 55. Bd2 Kh2 56. Kf2 h3 57. Kf3
Kg1 58. Be3+ Nxe3 0-1

[Event "Politiken Cup"]
[Site "Helsingor DEN"]
[Date "2009.07.24"]
[Round "8"]
[White "Johansen,J"]
[Black "Larsen,TorKe"]
[Result "1/2-1/2"]
[WhiteElo "1968"]
[BlackElo "2074"]
[EventDate "2009.07.18"]

1. d4 Nf6 2. c4 c5 3. Nf3 b6 4. d5 d6 5. Nc3 e5 6. e4 Nbd7 7. Be2 Be7 8.
O-O O-O 9. Ne1 Ne8 10. f4 exf4 11. Bxf4 Bg5 12. Qd2 Bxf4 13. Qxf4 Ne5 14.
Nf3 Ng6 15. Qg3 Qe7 16. Rae1 Nf6 17. Bd3 Nd7 18. e5 Ndxe5 19. Bxg6 fxg6 20.
Nxe5 Rxf1+ 21. Kxf1 dxe5 22. Qxe5 Qf7+ 23. Kg1 Bf5 24. Qe7 Rf8 25. Qxf7+
Kxf7 26. b3 Rd8 27. Kf2 h5 1/2-1/2